| 000 | 01223cam a22003375a 4500 | ||
|---|---|---|---|
| 003 | EG-ScBUE | ||
| 005 | 20220529125325.0 | ||
| 008 | 101101m20052006enka f 000 0 eng d | ||
| 020 | _a1859648118 (part B) | ||
| 020 | _a9781859648117 (part B) | ||
| 020 | _a1859648037 (part A) | ||
| 020 | _a9781859648032 (part A) | ||
| 040 |
_aEG-ScBUE _beng _erda _cEG-ScBUE _dEG-ScBUE |
||
| 082 | 0 | 4 |
_a428.34 _bPHI _222 |
| 100 | 1 |
_aPhillips, Terry, _d1949- _eauthor. |
|
| 245 | 1 | 0 |
_aStarting skills in English, _pListening and speaking / _cTerry Phillips. |
| 246 | 3 | 0 | _aListening and speaking |
| 264 | 1 |
_aReading, UK : _bGarnet Education, _c[2005-2006] |
|
| 300 |
_a2 volumes : _billustrations ; _c28 cm |
||
| 336 |
_2rdacontent _atext _btxt |
||
| 337 |
_2rdamedia _aunmediated _bn |
||
| 338 |
_2rdacarrier _avolume _bnc |
||
| 505 | 0 | _aPart A -- Part B. | |
| 520 | _aA skills course providing immediate access for false beginners to study academic skills. | ||
| 590 | _abasant ahmed | ||
| 650 | 7 |
_aEnglish language _vTextbooks for foreign speakers. _2BUEsh _920789 |
|
| 650 | 7 |
_aListening _vTextbooks for foreign speakers. _2BUEsh |
|
| 653 |
_bHHUUEENN _cJuly2019 |
||
| 655 |
_vReading book _934232 |
||
| 942 |
_cBB _k428.34 PHI _2ddc |
||
| 999 |
_c4770 _d4770 |
||